Statistics for OSS 117 Countries Visited Map

Click here to take the quiz!

General Stats

  • This quiz has been taken 87 times
  • The average score is 9 of 15

Answers on the Map

Answers color-coded by a green-red scale on the quiz's map according to % correct below.
 

Answer Stats

Countries% Correct
France
90%
United States
88%
Brazil
81%
China
81%
Russia
79%
Germany
69%
"Black Africa"
68%
Egypt
68%
Italy
63%
Iran
46%
Morocco
44%
Vietnam
43%
South Korea
42%
Switzerland
40%
Afghanistan
31%

Score Distribution

Percentile by Number Answered

Percent of People with Each Score

Your Score History

You have not taken this quiz